ბათუმის შოთა რუსთაველის სახელმწიფო უნივერსიტეტის ბიბლიოთეკა

Основания математики. (ბიბ.ჩანაწერი № 38812)

000 -LEADER
fixed length control field 00637nam a2200205Ia 4500
001 - CONTROL NUMBER
control field 5185
003 - CONTROL NUMBER IDENTIFIER
control field GE_BSU
008 - FIXED-LENGTH DATA ELEMENTS--GENERAL INFORMATION
fixed length control field 181216s||||||||xx |||||||||||||| ||und||
040 ## - CATALOGING SOURCE
Transcribing agency GE_BSU
080 ## - UNIVERSAL DECIMAL CLASSIFICATION NUMBER
Universal Decimal Classification number 510.2
100 ## - MAIN ENTRY--PERSONAL NAME
Personal name Гильберт Д. Бернайс П.
245 ## - TITLE STATEMENT
Title Основания математики.
245 ## - TITLE STATEMENT
Statement of responsibility, etc. Под ред. С.И. Адяна. Пер. с немецкого Н.М. Нагорного. Гл. ред. физ.-мат. лит-ры
260 ## - PUBLICATION, DISTRIBUTION, ETC.
Place of publication, distribution, etc. Москва
260 ## - PUBLICATION, DISTRIBUTION, ETC.
Name of publisher, distributor, etc. Наука
260 ## - PUBLICATION, DISTRIBUTION, ETC.
Date of publication, distribution, etc. 1982
300 ## - PHYSICAL DESCRIPTION
Extent 651 с. 22 см.
653 ## - INDEX TERM--UNCONTROLLED
Uncontrolled term Основания математики.
942 ## - ADDED ENTRY ELEMENTS (KOHA)
Koha item type წიგნი

არაა ხელმისაწვდომი ეგზემპლარები.